[Event "Petroupoli op 3rd"]
[Site "Petroupoli"]
[Date "2012.03.31"]
[Round "7"]
[White "Sirigos, Christos"]
[Black "Xenaki, Despoina"]
[Result "0-1"]
[WhiteElo "1005"]
[BlackElo "1244"]
[PlyCount "74"]
[EventDate "2012.03.10"]
[EventType "swiss"]
[EventRounds "7"]
[EventCountry "GRE"]
[SourceTitle "CBM 147 Extra"]
[Source "ChessBase"]
[SourceDate "2012.04.24"]
[SourceVersion "1"]
[SourceVersionDate "2012.04.24"]
[SourceQuality "1"]

1. e4 b6 2. d4 Bb7 3. Nc3 Nf6 4. Bd3 e6 5. a3 Nc6 6. d5 Nd4 7. Nf3 c5 8. Bg5 Be7 9. e5 Nh5 10. Bxe7 Qxe7 11. d6 Qd8 12. Nxd4 cxd4 13. Ne4 Qh4 14. Qf3 f5 15. g4 fxg4 16. Qe2 0-0 17. Rg1 Nf4 18. Rxg4 Qxh2 19. Qf1 Bxe4 20. Bxe4 Rac8 21. Rd1 Qh5 22. Qg1 g6 23. Bf3 Qxe5+ 24. Kd2 Qc5 25. Rc1 Qa5+ 26. b4 Qxa3 27. Qg3 Qxb4+ 28. Kd1 Rxc2 29. Rxc2 Qb1+ 30. Rc1 Qd3+ 31. Ke1 e5 32. Rc7 Qb1+ 33. Kd2 Qd3+ 34. Ke1 Qb1+ 35. Kd2 d3 36. Rxd7 Qc2+ 37. Ke1 d2+ 0-1

[Event "Petroupoli op 3rd"]
[Site "Petroupoli"]
[Date "2012.03.14"]
[Round "2"]
[White "Sirigos, Christos"]
[Black "Foutouhos, Spyridon"]
[Result "0-1"]
[WhiteElo "1005"]
[BlackElo "1458"]
[PlyCount "48"]
[EventDate "2012.03.10"]
[EventType "swiss"]
[EventRounds "7"]
[EventCountry "GRE"]
[SourceTitle "CBM 147 Extra"]
[Source "ChessBase"]
[SourceDate "2012.04.24"]
[SourceVersion "1"]
[SourceVersionDate "2012.04.24"]
[SourceQuality "1"]

1. e4 e6 2. d4 d5 3. e5 c5 4. Nf3 f6 5. Bb5+ Bd7 6. Bxd7+ Nxd7 7. 0-0 cxd4 8. exf6 Ngxf6 9. Nxd4 e5 10. Nf3 Bd6 11. Bg5 0-0 12. Bxf6 Nxf6 13. Nbd2 Qb6 14. b3 e4 15. Nh4 Rae8 16. c4 d4 17. Kh1 e3 18. Ndf3 e2 19. Qc2 exf1Q+ 20. Rxf1 Re4 21. Re1 Rfe8 22. Qd1 Rxe1+ 23. Nxe1 Ng4 24. Qd2 Bb4 0-1